000 00208 a2200097 4500
001 20502
100 _aSelivanova N
245 _aInorganic Chemistry
260 _a
_bMir Publishers
_c
090 _c14899
_d14899
942 _aNUST-CAE
_cM
_c5445
999 _c255575
_d255575